Report on the adminstration 1936-37. (Record no. 535613)

MARC details
000 -LEADER
fixed length control field 00687nam a2200229Ia 4500
003 - CONTROL NUMBER IDENTIFIER
control field OSt
005 - DATE AND TIME OF LATEST TRANSACTION
control field 20220925200149.0
008 - FIXED-LENGTH DATA ELEMENTS--GENERAL INFORMATION
fixed length control field 220923b |||||||| |||| 00| 0 eng d
037 ## - SOURCE OF ACQUISITION
Terms of availability General Book
040 ## - CATALOGING SOURCE
Original cataloging agency RTL
Transcribing agency RTL
Language of cataloging eng
041 ## - LANGUAGE CODE
Source of code eng
Language code of text/sound track or separate title eng
110 ## - MAIN ENTRY--CORPORATE NAME
Corporate name or jurisdiction name as entry element ORISSA(Govt. of--) salt(Deptt. of--)
9 (RLIN) 261846
245 #0 - TITLE STATEMENT
Title Report on the adminstration 1936-37.
260 ## - PUBLICATION, DISTRIBUTION, ETC.
Place of publication, distribution, etc. Cuttack
Name of publisher, distributor, etc. Govt. press.
Date of publication, distribution, etc. 1937
300 ## - PHYSICAL DESCRIPTION
Extent 7p
Dimensions cm.
700 ## - ADDED ENTRY--PERSONAL NAME
Personal name ORISSA(Govt. of--) salt(Deptt. of--)
9 (RLIN) 261847
942 ## - ADDED ENTRY ELEMENTS (KOHA)
Classification part X9(F4).273.N37<--N36r, G7
Koha item type General Books
Source of classification or shelving scheme Colon Classification (CC)

No items available.

Copyright @ Delhi University Library System